Tự học lập trình C++ trong 21 ngày /
Khởi hành; Cấu tạo chương trình; Các biến và hằng; Biểu thức và câu lệnh; Hàm: các cơ sở; Cơ bản về lớp; Các cấu trúc điều khiển; Con trỏ; Tham chiếu; Hàm nâng cao; Mảng; Tính kế thừa...
Đã lưu trong:
| 主要作者: | |
|---|---|
| 格式: | 圖書 |
| 語言: | Vietnamese |
| 出版: |
Đà Nẵng :
Nxb Đà Nẵng,
1999.
|
| 主題: | |
| 標簽: |
添加標簽
沒有標簽, 成為第一個標記此記錄!
|
| Thư viện lưu trữ: | Mạng thư viện Đại học Đà Nẵng |
|---|
| LEADER | 01165cam a2200373 i 4500 | ||
|---|---|---|---|
| 001 | 000042556 | ||
| 003 | 430 | ||
| 005 | 20030818192332.0 | ||
| 008 | 010217b1999 vm 000 vie | ||
| 020 | |c 57000 | ||
| 022 | |a T | ||
| 040 | |a IRC |c IRC |d IRC | ||
| 041 | 0 | |a vie | |
| 082 | 1 | 4 | |a 005.133 |b ĐI-H |
| 100 | 1 | |a Đinh Hùng. | |
| 245 | 0 | 0 | |a Tự học lập trình C++ trong 21 ngày / |c Đinh Hùng. |
| 260 | |a Đà Nẵng : |b Nxb Đà Nẵng, |c 1999. | ||
| 300 | |a 773Tr. ; |c 23cm. | ||
| 520 | 3 | |a Khởi hành; Cấu tạo chương trình; Các biến và hằng; Biểu thức và câu lệnh; Hàm: các cơ sở; Cơ bản về lớp; Các cấu trúc điều khiển; Con trỏ; Tham chiếu; Hàm nâng cao; Mảng; Tính kế thừa... | |
| 630 | 0 | 4 | |a Tin học. |
| 630 | 0 | 4 | |a Lập trình. |
| 630 | 0 | 4 | |a C++. |
| 630 | 0 | 4 | |a Computer program language. |
| 650 | 0 | 4 | |a C++ (Ngôn ngữ lập trình máy tính) |
| OWN | |a DUT | ||
| 999 | |a From the UDN01 | ||
| TYP | |a Monograph | ||
| TYP | |a Printed language | ||
| 980 | |a Mạng thư viện Đại học Đà Nẵng | ||